The Phantom of the Opera Franchise - Statistics

General Stats
  • This quiz has been taken 36 times
  • The average score is 38 of 138
Answer Stats
Type Year Name Info % Correct
Novel 1911 The Phantom of the Opera Gaston Leroux
100%
Film 1925 The Phantom of the Opera Universal
100%
Radio Play 1943 The Phantom of the Opera CBS
100%
TV Mini-Series 1954 The Phantom of the Opera ????
100%
TV Mini-Series 1960 The Phantom of the Opera Canal 9 de Buenos Aires
100%
Film 1962 The Phantom of the Opera J. Arthur Rank Film Distributors / Universal
100%
Play 1975 The Phantom of the Opera David Giles
100%
Radio Play 1975 The Phantom of the Opera CBS
100%
Novel 1976 The Phantom of the Opera David Bischoff
100%
TV Film 1983 The Phantom of the Opera CBS
100%
Musical 1986 The Phantom of the Opera Andrew Lloyd Webber
100%
Film 1987 The Phantom of the Opera ????
100%
Comic Book 1988 The Phantom of the Opera Eternity Comics
100%
TV Film 1991 The Phantom of the Opera ????
100%
TV Mini-Series 1991 The Phantom of the Opera ????
100%
Comic Book 1991 The Phantom of the Opera Innovation
100%
Musical 1992 The Phantom of the Opera Robert Chauls
100%
Radio Play 2001 The Phantom of the Opera NPR / XM
100%
Ballet 2006 The Phantom of the Opera Atlantic Ballet Theatre of Canada
100%
Radio Play 2007 The Phantom of the Opera BBC Radio 7
100%
Novel 1990 Phantom Susan Kay
71%
Musical 1991 Phantom Maury Yeston
71%
Musical 1991 Phantom Tom Sivak
71%
Play 1998 Phantom: Based on the Novel by Gaston Leroux Jack Danini
71%
Musical 2009 Love Never Dies Andrew Lloyd Webber
54%
Musical 2010 Love Never Dies Andrew Lloyd Webber
54%
Musical 2007 Gaston Leroux's Phantom of the Opera Joseph Traynor
50%
Musical 1987 The American Phantom of the Opera: A Love Story Dr. Walter Anderson
50%
Comic Book 1988 The Phantom of the Opera: A Graphic Novel Bill Barry Enterprises
50%
Play 1988-1989 The Phantom of the Opera: The Play John Kenley / Robert Thomas Noll
50%
Film 1943 Phantom of the Opera Universal
38%
Musical 1976 Phantom of the Opera Ken Hill
38%
Novel 1987 Phantom of the Opera Ian Thorne
38%
Film 1989 Phantom of the Opera Columbia / MGM
38%
TV Mini-Series 1990 Phantom of the Opera NBC
38%
Musical 1990 Phantom of the Opera Lawrence Rosen / Paul Shierhorn
38%
Pinball Machine 1990 Phantom of the Opera Data East
38%
Musical 1992 Phantom of the Opera Tom Alonso
38%
Film 1998 Phantom of the Opera A-Pix Entertainment / Medusa Distribuzione Telet
38%
Film 2004 Phantom of the Opera Warner Bros. / Odyssey Entertainment
38%
Musical 2010 Phantom of the Opera Michael Sgouros
38%
Film 2014 Phantom of the Opera Reality Entertainment / Alchemy Films
38%
Film TBA Phantom of the Opera Universal
38%
Film 1987 Opera Cecchi Gori/CDI
29%
Film 2010 Erik: Portrait of a Living Corpse Big John Creations
25%
Film 1974 Phantom of the Paradise 20th Century Fox
17%
Novel 1999 The Phantom of Manhattan Frederick Forsyth
17%
Novel 2002 Angel of Music D.M. Bernadette
13%
Film 2009 Angel of Music IndieFlix
13%
Novel 2007 Angel of Music, or The Private Life of Giselle
13%
Short Story Collection 2005 Angel of Music: Tales of the Phantom Carrie Hernandez
13%
Comic Book 1989 Le Fantôme de l'Opéra Asuka Comics DX
13%
Comic Book 1989 Le Fantôme de l'Opéra Claude Lefrancq
13%
Comic Book 2005 Le Fantôme de l'Opéra Comic BIRZ
13%
Comic Book 2007 Le Fantôme de l'Opéra Iron-Gibbet Studios
13%
Novel 1995 Maskerade Terry Pratchett
13%
Film 1989 Phantom of the Mall: Eric's Revenge Fries Distribution Company
13%
Novel 2007 The Return of the Phantom Etienne de Mendes
13%
Novel 2001 After Twilight Amanda Ashley / Christine Feehan / Ronda Thompson
8%
Comic Book 1997 Batman: Masque DC Comics
8%
Short Story 1996 Beauty and the Opera or the Phantom Beast Suzy McKee Charnas
8%
Novel 1993 Behind the Phantom's Mask Roger Ebert
8%
Film 1916 Das Phantom der Oper Greenbaum-Film
8%
Musical 1949 Das Phantom der Oper A. Gerber
8%
Novel 2004 Fantômes d'Opéra Alain Germain
8%
Novel 1993 Genevieve Undead, Part One: Stage Blood Jack Yeovil
8%
Novel 2000 Le Journal Intime du Fantôme de l'Opera Marion Dumond-Gros
8%
Comic Book 1994 Le Masque ????
8%
Novel 1998 Musikens Ängel Eva Gullberg
8%
Novel 2002 Mystery at the Opera House Brigitta D'Arcy
8%
Novel 1989 Night Magic Charlotte Vale Allen
8%
Novel 1992 Night of the Phantom Anne Stuart
8%
Novel 1993 Phantom of Chicago Lori Herter
8%
TV Film 2000 Phantom of the Megaplex Disney Channel
8%
Musical 1992 Phantom of the Music Room Janet Gardner
8%
Musical 2005 Phantom of the NorShor ????
8%
Play 1979 Phantom of the Opera: A New Victorian Thriller Gene Traylor
8%
Musical 1998 Phantom of the Opera: Original Family Musical David Spencer
8%
Musical 1991 Phantom of the Op'ry: A Melodrama with Music Gerard V. Castle
8%
Novel 1988 Phantom of the Soap Opera Judi Miller
8%
Musical 1992 Phantom of the Soap Opera Randy Villars
8%
Novel 1989 Phantoms Martin Greenberg / Rosalind Greenberg
8%
Video Game 1993 Return of the Phantom MicroProse
8%
Comic Book 1994 Sherlock Holmes: Adventure of the Opera Ghost Caliber Press
8%
Film 1937 Song at Midnight Xinhua Film Company
8%
TV Film 1985 Song at Midnight ABC
8%
TV Film 2005 Song at Midnight ????
8%
Novel 1994 The Angel of the Opera Sam Siciliano
8%
Musical 2009 The Angel of the Opera ????
8%
Novel 1993 The Canary Trainer: From the Memoirs of John H. Watson Nicholas Meyer
8%
Comic Book 2003 The Opera House Murders TokyoPop
8%
Musical 2007 The Panto of the Opera Stuart Arden
8%
Film 1995 The Phantom Lover Mandarin Films Ltd.
8%
TV Film 1974 The Phantom of Hollywood CBS
8%
Comic Book 1965 The Phantom of Notre Duck Walt Disney Productions
8%
Novel 2003 The Phantom of Paris Gwenith M. Vehlow
8%
Musical 1995 The Phantom of the Opera on Ice Roberto Danova
8%
Musical 1986 The Phantom of the Opera: Or the Passage of Christine David Bishop
8%
Novel 1988 The Phantom of the Opera: Pop-Up Book Frank Van Der Meer
8%
Comic Book 1973 The Phantom Stranger DC Comics
8%
Musical 1988 The Pinchpenny Phantom of the Opera: An Affordable Musical Comedy Dave Reiser / Jack Sharkey
8%
Comic Mini-Series 2006 The Trap-Door Maker Treehouse
8%
Novel 2007 Unmasqued: An Erotic Novel of The Phantom of the Opera Collette Gale
8%
Film 2011 A Monster in Paris EuropaCorp Distribution
4%
Novel 2016 Black Paper Mask Lauren Gattos
4%
Video Game 2015 Fate Grand Order Aniplex / Sega
4%
Novel 2015 For Love of the Phantom Davyne DeSye
4%
Novel 2008 Letters to Erik: The Ghost's Love Story An Wallace
4%
Novel 2008 Life After Phantom: Opera Erotica Samantha
4%
Novel 2008 Madrigal: A Novel of Gaston Leroux's The Phantom of the Opera Jennifer Linforth
4%
Novel 2013 Master of Illusion - Book One Anne Rouen
4%
Novel 2014 Master of Illusion - Book Two Anne Rouen
4%
Novel 2009 Midnight Secrets Lisa Rose Olick
4%
Video Game 2010 Mystery Legends: The Phantom of the Opera Big Fish Games
4%
Novel 2014 Of Metal and Wishes Sarah Fine
4%
Film 1988 Phantom of the Ritz Image Entertainment / Prism Entertainment Corporation
4%
Novel 2016 Phantom: The Immortal Mitzi Szereto / Ashley Lister
4%
Musical 2006 Phantom: The Las Vegas Spectacular Andrew Lloyd Webber
4%
Novel 2016 Skeletons in the Closet Davyne DeSye
4%
Short Film 1930 Spooks Universal
4%
Novel 2012 The Disciples of the Night Etienne de Mendes
4%
Film 2011 The Phantom of the Opera at the Royal Albert Hall Universal
4%
Short Story 1978 The Phantom of the Opera's Friend David Barthelme
4%
Novel 2012 The Phantom of the Palace Jeff Martinez
4%
Novel 2009 The Phantom of Valletta Vicki Hopkins
4%
Novel 2008 The Season of the Witch Etienne de Mendes
4%
Novel 2009 The Sultan's Favorite Anne Burnside
4%
Novel 2010 The Tale of the Bloodline Etienne de Mendes
4%
Comic Book 1996 The Treasure of the Phantom of the Opera Claude Lefrancq
4%
Film 1964 The Vampire of the Opera Nord Industrial
4%
Film 1973 Wicked, Wicked MGM
4%
Short Story 2005 Little Lotte Carrie Hernandez
0%
Film 1962, 1963 Mid-Nightmare ????
0%
Novel 2014 Phantom Phantasia: Poetry for the Phantom of the Opera Phan E. A. Bucchianeri
0%
Short Story 2005 Phantoms of the Mind Carrie Hernandez
0%
Film 1955 The Phantom of the Operetta Cinematográfica General Belgrano
0%
Film 1960 The Phantom of the Operetta Azteca Films Inc.
0%
Short Story 2005 The Portal Carrie Hernandez
0%
No matching quizzes found
Score Distribution
Percent of People with Each Score
Percentile by Number Answered
Your Score History
You have not taken this quiz